Nghiên cứu xúc tác quang hoá TiO2 để phân hủy chất ô nhiễm hữu cơ : Chuyên ngành Hoá lý

Mục đích của công trình này là so sánh hoạt tính quang xúc tác của các màng TiO2 được chế tạo theo các phương pháp khác nhau cố định trên đế kính thuỷ tinh nhằm lựa chọn màng xúc tác TiO2 có hiệu quả cao và nghiên cứu ảnh hưởng của các điều k...

Volledige beschrijving

Bewaard in:
Bibliografische gegevens
Hoofdauteur: Phạm, Phát Tân
Formaat: Boek
Taal:Undetermined
Gepubliceerd in: Cần Thơ Đại học Cần Thơ 2003
Onderwerpen:
Tags: Voeg label toe
Geen labels, Wees de eerste die dit record labelt!
Thư viện lưu trữ: Trung tâm Học liệu Trường Đại học Cần Thơ
LEADER 01259nam a2200217Ia 4500
001 CTU_83329
008 210402s9999 xx 000 0 und d
082 |a 541.35 
082 |b T121 
088 |a 60440119 
100 |a Phạm, Phát Tân 
245 0 |a Nghiên cứu xúc tác quang hoá TiO2 để phân hủy chất ô nhiễm hữu cơ : 
245 0 |b Chuyên ngành Hoá lý 
245 0 |c Phạm Phát Tân ; Hướng dẫn khoa học: Nguyễn Thị Dung 
260 |a Cần Thơ 
260 |b Đại học Cần Thơ 
260 |c 2003 
520 |a Mục đích của công trình này là so sánh hoạt tính quang xúc tác của các màng TiO2 được chế tạo theo các phương pháp khác nhau cố định trên đế kính thuỷ tinh nhằm lựa chọn màng xúc tác TiO2 có hiệu quả cao và nghiên cứu ảnh hưởng của các điều kiện phản ứng đến hoạt tính xúc tác với mô hình phản ứng phân huỷ phenol và thuốc nhuộm trong nước. 
650 |a Physical chemistry,Photochemistry 
904 |i Vương, QHieu 
980 |a Trung tâm Học liệu Trường Đại học Cần Thơ